000 00833nam a22002417a 4500
001 00003512
003 DO-SdBNP
005 20180309100351.0
007 00003512
008 160513b 2010 dr ||||| |||| 00| 0 spa d
020 _a9789993443308
040 _aBPMSU
_bspa
_cBPMSU
245 1 0 _aTexto integrado 3 :
_btercer grado /
_cMiguel Ángel Cárdenas Sánchez... [et al.] ; ilustración Victor Eduardo Sandoval...[et al].
260 _aSanto Domingo :
_bMinisterio de Educación,
_c2010.
300 _av. :
_bil. ;
_c28 cm.
501 _aLa biblioteca posee el v. 3
504 _aBibliografía : p. 259
700 1 _aCárdenas Sánchez, Miguel Ángel
700 1 2 _aSandoval, Victor Eduardo,
_eil.
942 _2ddc
_cBK
945 _aRemanejado para la BNPHU / 2018 VM
956 _aLOPEREZ
_b10
_c20160513
_hBPMSU
_d0041
999 _c10145
_d10145